书目信息 |
| 题名: |
吕思勉中国文化史
|
|
| 作者: | 吕思勉 著 | |
| 分册: | ||
| 出版信息: | 北京 海潮出版社 2008.04 |
|
| 页数: | 287页 | |
| 开本: | 24cm | |
| 丛书名: | ||
| 单 册: | ||
| 中图分类: | K203 | |
| 科图分类: | ||
| 主题词: | 文化史--中国 , 文化史 | |
| 电子资源: | ||
| ISBN: | 978-7-80213-514-7 | |
| 000 | 00813nam0 22002531 450 | |
| 001 | 003874093 | |
| 005 | 20111229113554.87 | |
| 010 | @a978-7-80213-514-7@dCNY35.00 | |
| 096 | @aK203@blsm | |
| 100 | @a20080819d2008 em y0chiy50 ea | |
| 101 | 0 | @achi |
| 102 | @aCN@b110000 | |
| 105 | @aa z 000yy | |
| 200 | 1 | @a吕思勉中国文化史@9lü si mian zhong guo wen hua shi@e插图珍藏版@f吕思勉著 |
| 210 | @a北京@c海潮出版社@d2008.04 | |
| 215 | @a287页@d24cm | |
| 300 | @a国学大讲堂 | |
| 330 | @a本书分为婚姻、族制、政体、阶级、财产、官制、选举、赋税、兵制、刑法、实业、货币、衣食、住行、教育、语文、学术、宗教共十八个部分。 | |
| 606 | 0 | @a文化史@y中国 |
| 606 | 0 | @a文化史 |
| 690 | @aK203@v4 | |
| 701 | 0 | @a吕思勉@9lü si mian@f(1884~1957)@4著 |
| 801 | 0 | @aCN@b110017@c20111229 |
| 905 | @aZUCC@dK203@eL8972@f3 | |
| 吕思勉中国文化史:插图珍藏版/吕思勉著.-北京:海潮出版社,2008.04 |
| 287页;24cm |
| 国学大讲堂 |
| ISBN 978-7-80213-514-7:CNY35.00 |
| 本书分为婚姻、族制、政体、阶级、财产、官制、选举、赋税、兵制、刑法、实业、货币、衣食、住行、教育、语文、学术、宗教共十八个部分。 |
| ● |
| 相关链接 |
|
|
|
正题名:吕思勉中国文化史
索取号:K203/L8972
 
预约/预借
| 序号 | 登录号 | 条形码 | 馆藏地/架位号 | 状态 | 备注 |
| 1 | 1183307 | 211833079 | 社科库309/309社科库 105排7列5层/ [索取号:K203/L8972] | 在馆 | |
| 2 | 1183308 | 211833088 | 社科库309/309社科库 105排7列5层/ [索取号:K203/L8972] | 在馆 | |
| 3 | 1183309 | 211833097 | 社科库309/309社科库 105排7列5层/ [索取号:K203/L8972] | 在馆 |